| 000 | 00965nmm a2200289 a 4500 | ||
|---|---|---|---|
| 001 | ocm0002347446 | ||
| 003 | TR-IsHL | ||
| 005 | 20201028185759.0 | ||
| 008 | 190520s2019 tu tur | ||
| 007 | cr cn | ||
| 020 | _a9786052022887 | ||
| 035 |
_a2347446 _b(N$T) |
||
| 050 | 0 | 4 |
_aPL248.K373 _bH3 2019 |
| 090 | 0 | 4 |
_aPL248.K373 _bH3 2019 |
| 100 | 1 | _aKarayel, M. Sami | |
| 245 | 1 | 0 |
_aHaçlıların korkulu rüyası: Kılıçarslan _h[electronic resource] / _cM. Sami Karayel ; yayına hazırlayan Semih Sefer |
| 250 | _a1. Baskı | ||
| 260 |
_aİstanbul : _bİlgi Kültür Sanat Yayıncılık , _c2019 |
||
| 300 | _a200 p. | ||
| 650 | 4 | _aDil ve Edebiyat | |
| 650 | 4 | _aLanguage and Literature | |
| 650 | 0 | _aTürk romanı | |
| 650 | 0 | _aTurkish fiction | |
| 650 | 7 |
_aLITERARY COLLECTIONS / Middle Eastern _2bisacsh |
|
| 700 | 1 | _aSefer, Semih | |
| 856 | 4 | 0 | _uhttp://search.ebscohost.com/login.aspx?direct=true&scope=site&db=e011xww&AN=2347446 |
| 999 |
_c21618 _d21618 |
||